| 000 | 00635cam a2200217 4500 | ||
|---|---|---|---|
| 008 | 090401t1989 xxu||||| |||| 00| 0 eng d | ||
| 020 | _a0434903892 | ||
| 035 | _a(Sirsi) u13126 | ||
| 041 | _aeng | ||
| 050 | _a658 | ||
| 100 | _aDrucker, Peter F | ||
| 245 | 4 | _aThe practice of management. | |
| 260 |
_aOxford _bHeinemann Professional Publishing _c1989 |
||
| 300 | _a399p. ; 24cm. | ||
| 350 | _a9.95 | ||
| 490 | _aHeinemann Business Paperbacks | ||
| 520 | _aFirst paperback edition of a work originally published 1955. | ||
| 690 | _aMANAGEMENT-BUSINESS MANAGEMENT-PROFESSIONAL PRACTICE | ||
| 942 | _n0 | ||
| 948 | _c04/03/1997 | ||
| 999 |
_c87063 _d87063 |
||